000 00307nam a22001337a 4500
008 181224b xxu||||| |||| 00| 0 eng d
020 _a9780321146021
041 _aeng
080 _27th
_a371
100 _a46
101 _aEDU
245 _aBreaking Through College Reading
_cSmith,B.D
942 _2udc
_cBK
999 _c53703
_d53703